00322pab a2200121 454500008004000000100002000040245005200060260000900112300001300121362001000134650002200144773003400166180718b2011 xxu||||| |||| 00| 0 eng d aKundu, Debolina aElite capture in participatory urban governance c2011 ap.23-25. a5 Mar aUrban development aEconomic and Political Weekly